Formel 1 Fahrerwertung 2024 - Statistiken

Allgemein
  • Dieses Quiz wurde 208 mal gespielt
  • Das Durchschnittsergebnis liegt bei 16 aus 24
Antwortstatistiken
Platzierung Punkte Fahrer % Korrekt
1 437 Max Verstappen
100%
2 374 Lando Norris
97%
3 356 Charles Leclerc
93%
4 292 Oscar Piastri
92%
5 290 Carlos Sainz
87%
7 223 Lewis Hamilton
81%
8 152 Sergio Perez
79%
6 245 George Russell
75%
9 70 Fernando Alonso
74%
11 41 Nico Hülkenberg
68%
10 42 Pierre Gasly
68%
14 23 Esteban Ocon
59%
12 30 Yuki Tsunoda
59%
15 16 Kevin Magnussen
56%
13 24 Lance Stroll
56%
22 0 Valtteri Bottas
56%
20 4 Guanyu Zhou
53%
16 12 Alexander Albon
51%
21 4 Liam Lawson
47%
17 12 Daniel Ricciardo
45%
19 5 Franco Colapinto
45%
18 7 Oliver Bearman
44%
23 0 Logan Sargeant
43%
24 0 Jack Doohan
35%
Keine übereinstimmenden Quizze gefunden
Verteilung der Resultate
Anzahl Personen mit jedem Resultat
Perzentil nach korrekt beantworteten Fragen
Ihre Resultats-Entwicklung
Sie haben dieses Quiz noch nicht gespielt